| 000 | 00639nam a22001817a 4500 | ||
|---|---|---|---|
| 008 | 171201b xxu||||| |||| 00| 0 eng d | ||
| 020 | _a0070067341 | ||
| 082 |
_21992 _aDC 658-8 _bB66 |
||
| 100 |
_923821 _aBovée, Courtland L.,author. |
||
| 245 |
_aMarketing / _cCourtland L. Bovée and John V. Thill. |
||
| 260 |
_aNew York : _bMcGraw-Hill, _c©1992. |
||
| 300 |
_axxxi, 761, [100] pages : _bcolored illustrations ; _c26 cm. |
||
| 440 |
_923825 _aMcGraw-Hill series in marketing. |
||
| 500 | _aIncludes bibliographical references and indexes. | ||
| 650 | 0 |
_923828 _aMarketing. |
|
| 700 |
_923830 _aThill, John V.,author. |
||
| 942 |
_2ddc _cDC |
||
| 999 |
_c7844 _d7844 |
||